000 00968cam a2200301 a 4500
008 120404s2008 sp a 000 0dspa d
020 _a9788467522341
040 _aEG-GiCUC
_bspa
_cEG-GiCUC
092 0 4 _a863.64
_bQ78a
_221
099 _a04
_a863.64 Q78a
100 1 _aQuintero, Aramís,
_d1948-
245 1 3 _aEl abuelo de Dios /
_cAramís Quintero, Pepe Pelayo
260 _aBoadilla del Monte, Madrid :
_bSM ,
_c[2008]
300 _a156 p. ;
_c19cm
490 1 _aEl barco de vapor, Serie roja ;
_v 184.
521 _aAges 7-10
600 1 0 _aQuintero, Aramís,
_d1948-
650 0 _aChildren
_xBooks and reading
_zSpain.
650 0 _achildren
_xFiction.
650 0 _aSpanish language
_xReading materials.
700 1 _aPelayo, Pepe
830 3 _aEl barco de vapor, Serie roja ;
_v 184.
902 _a1
905 _aJamal
_eRev.
905 _aJihan
_eCat.
942 _2ddc
_cBK
999 _c124902
_d124902